| 000 | 00665nam a22002417a 4500 | ||
|---|---|---|---|
| 003 | OSt | ||
| 005 | 20140426102727.0 | ||
| 008 | 140426b xxu||||| |||| 00| 0 eng d | ||
| 020 | _a0448437376 | ||
| 050 |
_aPZ 7 _b.M82545Nat 2005 |
||
| 100 | _aMorgan, Melissa J. | ||
| 245 |
_aNatalie's secret / _cMelissa Morgan. |
||
| 260 |
_aNew York : _bGrosset & Dunlap, _cc2005. |
||
| 300 |
_a158 p. : _c20 cm |
||
| 440 |
_aCamp confidential _n#1 |
||
| 650 |
_aCamp _vFiction. |
||
| 650 |
_aFrienship _vFiction. |
||
| 650 |
_aFathers and daughters _vFiction. |
||
| 650 |
_aSecrets _vFiction |
||
| 650 |
_aPennsylvania _vFiction. |
||
| 942 |
_2lcc _cBK |
||
| 999 |
_c115517 _d115517 |
||